LEADER 02041nam0 22004693i 450 001 VAN00303544 005 20260318123535.648 010 $a978-33-19-71352-6 017 70$2N$a9783319713540 100 $a20260318d2018 |0itac50 ba 101 $aeng 102 $aCH 105 $a|||| ||||| 181 $ai$b e 182 $ab 183 $acr 200 1 $aSeagrasses of Australia$eStructure, Ecology and Conservation$fAnthony W. D. Larkum, Gary A. Kendrick, Peter J. Ralph editors 210 $aCham$cSpringer$d2018 215 $aXI, 797 p.$cill.$d24 cm 620 $aCH$dCham$3VANL001889 676 $a581.7$cEcologia vegetale, piante caratteristiche di specifici ambienti$v22 676 $a571.2$cFisiologia vegetale$v22 676 $a578.01$cTassonomia$v22 702 1$aKendrick$bGary A.$3VANV259458 702 1$aLarkum$bAnthony W. D.$3VANV259452 702 1$aRalph$bPeter J.$3VANV259461 712 $aSpringer $3VANV108073$4650 790 1$aKendrick, G. A.$zKendrick, Gary A.$3VANV259459 790 1$aKendrick, G.A.$zKendrick, Gary A.$3VANV259460 790 1$aLarkum, A. W. D.$zLarkum, Anthony W. D.$3VANV259453 790 1$aLarkum, A.W.D.$zLarkum, Anthony W. D.$3VANV259455 790 1$aLarkum, Anthony W.D.$zLarkum, Anthony W. D.$3VANV259457 790 1$aRalph, P. J.$zRalph, Peter J.$3VANV259462 790 1$aRalph, P.J.$zRalph, Peter J.$3VANV259463 801 $aIT$bSOL$c20260320$gRICA 856 4 $uhttps://doi.org/10.1007/978-3-319-71354-0$zE-book - Accesso al full-text attraverso riconoscimento IP di Ateneo, proxy e/o Shibboleth 899 $aBIBLIOTECA DEL DIPARTIMENTO DI SCIENZE E TECNOLOGIE AMBIENTALI BIOLOGICHE E FARMACEUTICHE$1IT-CE0101$2VAN17 912 $fN 912 $aVAN00303544 950 $aBIBLIOTECA DEL DIPARTIMENTO DI SCIENZE E TECNOLOGIE AMBIENTALI BIOLOGICHE E FARMACEUTICHE$d17CONS e-book 2406 $e17BIB2406/257 257 20260318 996 $aSeagrasses of Australia$92513146 997 $aUNICAMPANIA